Cultural literacy

Enregistré dans:
Détails bibliographiques
Auteur principal: Šajgalíková, Helena
Collectivité auteur: Ekonomická univerzita v Bratislave. Ústav jazykov
Format: Livre
Langue:slovaque
Publié: Bratislava Vydavateľstvo EKONÓM 2003
Sujets:
Tags: Ajouter un tag
Pas de tags, Soyez le premier à ajouter un tag!

MARC

LEADER 00000nam a2200000 4500
001 c141999
005 20221108124833.2
020 |a 80-225-1665-1 
041 0 |a slo 
044 |a SK 
245 1 0 |a Cultural literacy  |c Helena Šajgalíková 
264 1 |a Bratislava  |b Vydavateľstvo EKONÓM  |c 2003 
300 |a 179 s. 
610 2 0 |a jazykoveda 
610 2 0 |a terminológia 
610 2 0 |a jazyky cudzie 
610 2 0 |a angličtina 
100 1 |a Šajgalíková, Helena 
710 2 |a Ekonomická univerzita v Bratislave. Ústav jazykov